| 000 | 00805nam a2200229 a 4500 | ||
|---|---|---|---|
| 999 |
_c8955 _d8955 |
||
| 001 | 8955 | ||
| 003 | BD-JhCC | ||
| 005 | 20180925121915.0 | ||
| 008 | 180306s1985 bg a|||| ||a| 000 0 ben d | ||
| 035 | _a(BD-JhCC)8955 | ||
| 040 |
_aBD-JhCC _dBD-JhCC |
||
| 041 | _aben | ||
| 082 |
_a530.31 _bAIN 1985 |
||
| 100 | _aআইনস্টাইন, আলবার্ট | ||
| 245 |
_aআপেক্ষিকতা : _b বিশেষ ও সাধারণ তত্ত্ব / _cআলবার্ট আইনস্টাইন, নূরুল হুদা, (অনুবাদক) |
||
| 260 |
_aঢাকা : _bবাংলা একাডেমী, _c1985 |
||
| 300 |
_a153 p. : _c22 cm. |
||
| 650 | _aRelativity | ||
| 700 | _aহুদা, নূরুল | ||
| 942 |
_2ddc _cBK |
||